Music Quiz

Random Music or Album Quiz

The Who Albums Quiz Stats

 Plays Quiz Updated Jan 16, 2020

Support Sporcle.
Go Orange.
Score 0/12 Timer 05:00
8 Plays Today
Year Album Title % Correct
2019Who
98.9%
1969Tommy
88.2%
1971Who's Next
83.7%
1965My Generation
74.9%
1973Quadrophenia
74.5%
1978Who Are You
72.6%
1967The Who Sell Out
63.4%
1966A Quick One
51.5%
1975The Who by Numbers
51%
1982It's Hard
48.7%
1981Face Dances
47.6%
2006Endless Wire
40.5%

From the Vault

Remove Ads.
Support Sporcle.
Get the best of Sporcle when you Go Orange. This ad-free experience offers more features, more stats, and more fun while also helping to support Sporcle. Thank you for becoming a member.

Show Comments

Extras

Top Quizzes Today


Score Distribution

Your Account Isn't Verified!

In order to create a playlist on Sporcle, you need to verify the email address you used during registration. Go to your Sporcle Settings to finish the process.

Report this User

Report this user for behavior that violates our Community Guidelines.

Details: